000 00705nam a2200205 i 4500
001 41826
003 ES-MaACL
005 20250806050952.0
007 t|
008 030311s1902 sp ||||1| spa d
100 1 _aCasares Gil, José,
_d1866-1961
_936166
245 1 0 _aAgua de Villa-Roja Font de la Polvora
_b: análisis cualitativo y cuantitativo /
_cpor José Casares y Gil ; y notas para su estudio médico por José Pascual y Prats.
260 _aGerona :
_bPaciano Torres,
_c1902.
300 _a46 p. ;
_c21 cm.
650 7 _aAguas minerales
_2embne
_9135517
700 1 _aPascual y Prats, José.
_989409
852 _aES-MaACL
_jT-1005-F-4
942 _2udc
999 _c41826
_d41826